Vocabolario piemontese-italiano. Vol. 3: Q-Z
Guardado en:
| Formato: | Libro |
|---|---|
| Lenguaje: | italiano |
| Publicado: |
Torino :
dalla Stamperia Reale,
1833
|
| Catálogo: | EDISCO: Resultados de Búsqueda del Catálogo |
| Clasificación de libros de texto: |
|
| Materias: | |
| Etiquetas: |
Agregar Etiqueta
Sin Etiquetas, Sea el primero en etiquetar este registro!
|
| Añadido a: | 2001-06-14 |
| Cambiado en: | 2024-05-10 |
MARC
| LEADER | 00000nam a22000007ic4500 | ||
|---|---|---|---|
| 001 | IT\ICCU\TO0\0962617 | ||
| 003 | ItRI | ||
| 005 | 20240510140639.0 | ||
| 008 | 010615s1833 it |||||| ||||| |||||c | ||
| 040 | |b ita |c Polo_Uto | ||
| 041 | 7 | |a ita |2 ISO-639-2 | |
| 245 | 0 | 0 | |a Vocabolario piemontese-italiano. Vol. 3: Q-Z |
| 260 | |a Torino : |b dalla Stamperia Reale, |c 1833 | ||
| 300 | |a 212, [12] p. ; |c 21 cm. | ||
| 650 | |a Italiano | ||
| 655 | |a Vocabolario |9 36 | ||
| 690 | |a Gioventù studiosa |9 6 | ||
| 773 | 0 | |w 0962588 |t Vocabolario piemontese-italiano |a Ponza, Michele |0 IT\ICCU\SBLV\045154 | |
| 942 | |c BK |2 ddc | ||
| 981 | 1 | |6 z01 |a i |b xxxe | |
| 982 | 1 | |6 z01 |a n | |
| 999 | |c 26913 |d 26913 | ||
| 999 | |c edisco:26913 |d 26913 | ||